000 01514cam a22002415a 4500
001 L139795
008 070809s2007 xxk f 000 0 eng d
035 _a(Sirsi) u139795
041 0 _aeng
050 0 4 _a333.333 $2 18
110 2 _aNational Audit Office
_94918
245 0 0 _aNote to RICS about the implementation of Home Information Packs
_bAugust 2007
_h[electronic resource]
260 _aLondon
_bNAO
_c2007
520 _aAddresses the concerns raised by RICS in writing to the Department for Communities and Local Government (DCLG) in November 2006. The concern that the use of consultants who had private sector financial interest would seek to be approved under the regulatory scheme is considered to be well grounded. DCLG employed consultants with a clear conflict of interest. It failed to respond to at least three letters from RICS. The concern about an unfair bidding process was also well founded, especially considering the poor communication from DCLG. Makes recommendations to the DCLG regarding process and the avoidance of conflicts of interest.
590 _aKA NTK
650 2 4 _aHOME INFORMATION PACKS
650 2 4 _aRESIDENTIAL ENERGY PERFORMANCE CERTIFICATES
650 2 4 _aHOUSING ACT 2004 PART V
651 4 _aUnited Kingdom
_y
690 _aPROPERTY-RESIDENTIAL PROPERTY-ACQUISITION AND DISPOSAL OF RESIDENTIAL PROPERTY-HOME BUYING REFORM
856 4 0 _uhttps://www.nao.org.uk/publications/other_publications.htm
_zView the item free of charge at www.nao.org.uk...
942 _n0
999 _c107352
_d107352